[Event "PRO League Group Stage"]
[Site "chess.com INT"]
[Date "2020.01.23"]
[Round "3"]
[White "Gledura, Benjamin"]
[Black "Aravindh, Chithambaram VR."]
[Result "0-1"]
[WhiteTitle "GM"]
[BlackTitle "GM"]
[WhiteElo "2626"]
[BlackElo "2630"]
[WhiteTeam "Hungary Hunters"]
[BlackTeam "India Yogis"]
[WhiteFideId "712779"]
[BlackFideId "5072786"]
[EventDate "2020.01.06"]

1. Nf3 Nf6 2. g3 g6 3. d4 d5 4. Bg2 Bg7 5. O-O O-O 6. c4 dxc4 7. Na3 Nc6 8. Nxc4
Be6 9. b3 a5 10. a4 Bd5 11. Bb2 Qb8 12. Rc1 Rd8 13. e3 b5 14. axb5 Qxb5 15. Nfd2
Bxg2 16. Kxg2 Nb4 17. Ne5 Nd7 18. Nxd7 Rxd7 19. Qf3 Re8 20. Bc3 Na2 21. Rc2 Nxc3
22. Rxc3 e5 23. Rc5 Qb4 24. Qc6 Rdd8 25. Nf3 exd4 26. exd4 Qxb3 27. Rxa5 Re7 28.
Rc1 h6 29. Ra8 Rxa8 30. Qxa8+ Kh7 31. Qd8 Re3 32. Qa8 Re2 33. Rf1 Qc4 34. Qb7
Rc2 35. Qe4 c5 36. Rd1 Qa2 37. Rf1 cxd4 38. Ne1 Re2 39. Qf3 Re3 40. Qd1 Rc3 41.
Nd3 Qc4 42. Nf4 d3 43. Qd2 Be5 44. Re1 Bxf4 45. Qxf4 Qxf4 46. gxf4 d2 47. Rd1
Rd3 48. Kf1 Kg7 49. Ke2 Rh3 50. Rxd2 Rxh2 51. Kf3 Rh5 52. Rd7 Rf5 53. Kg3 Kf6
54. Rd6+ Kg7 55. Rd7 Ra5 56. Rd3 Kf6 57. Rb3 Kf5 58. Rc3 Rd5 59. Rb3 Ke4 60.
Re3+ Kf5 61. Rb3 f6 62. Rc3 h5 63. Rb3 h4+ 64. Kxh4 Kxf4 65. Kh3 Rg5 66. Kh2 f5
67. Rc3 Rg4 68. Ra3 Kg5 69. Rb3 Kh4 70. Rc3 Kg5 71. Rb3 Rc4 72. Kg2 Kh5 73. Rb6
g5 74. Rb3 f4 75. Rb8 Rc3 76. Rb5 Kg4 77. Rb4 Rc2 78. Rc4 Rxc4 0-1

[Event "PRO League Group Stage"]
[Site "chess.com INT"]
[Date "2020.01.23"]
[Round "3"]
[White "Banusz, Tamas"]
[Black "Gopal, G.N."]
[Result "1/2-1/2"]
[WhiteTitle "GM"]
[BlackTitle "GM"]
[WhiteElo "2620"]
[BlackElo "2593"]
[WhiteTeam "Hungary Hunters"]
[BlackTeam "India Yogis"]
[WhiteFideId "722413"]
[BlackFideId "5015693"]
[EventDate "2020.01.06"]

1. Nf3 c5 2. c4 Nf6 3. Nc3 Nc6 4. g3 d5 5. d4 e6 6. cxd5 Nxd5 7. Bg2 cxd4 8.
Nxd4 Nxc3 9. bxc3 Nxd4 10. Qxd4 Qxd4 11. cxd4 Bd6 12. a4 Rb8 13. a5 a6 14. Be3
Bd7 15. d5 e5 16. O-O Ke7 17. Rfb1 Bb5 18. Bh3 h5 19. Rb2 h4 20. Bf5 hxg3 21.
hxg3 g6 22. Bd3 Bxd3 23. exd3 Rhd8 24. Rab1 Rd7 25. Ba7 Ra8 26. Bb6 Rc8 27. Kg2
Bc5 28. Re1 Bxb6 29. Rxb6 Rxd5 30. Rxb7+ Kf8 31. d4 exd4 32. Ree7 Rf5 33. f4 Re8
34. Red7 d3 35. Rxd3 Rxa5 36. Rdd7 Rf5 37. Ra7 a5 38. Kf3 Rb8 39. Rd3 Kg7 40.
Ra3 Rbb5 41. Rd3 Rfd5 42. Re3 Rd6 43. g4 Rf6 44. f5 gxf5 45. g5 Rc6 46. Ree7 Kg6
47. Rxf7 Rc3+ 48. Ke2 Rb2+ 49. Kd1 Kxg5 50. Rxa5 Rf3 51. Rg7+ Kf4 52. Ra4+ Ke5
53. Kc1 Rh2 54. Rd7 Rh1+ 55. Rd1 Rxd1+ 56. Kxd1 Re3 57. Kd2 Re4 58. Rxe4+ Kxe4
59. Ke2 Kf4 60. Kf2 Kg4 61. Kg2 Kf4 62. Kf2 Ke4 63. Ke2 Kd4 64. Kf3 Ke5 65. Ke3
f4+ 66. Kf3 Kf5 67. Kf2 Ke4 68. Ke2 f3+ 69. Kf2 Kf4 70. Kf1 Ke3 71. Ke1 f2+ 72.
Kf1 Kf3 1/2-1/2

[Event "PRO League Group Stage"]
[Site "chess.com INT"]
[Date "2020.01.23"]
[Round "3"]
[White "Sethuraman, S.P."]
[Black "Erdos, Viktor"]
[Result "1/2-1/2"]
[WhiteTitle "GM"]
[BlackTitle "GM"]
[WhiteElo "2638"]
[BlackElo "2621"]
[WhiteTeam "India Yogis"]
[BlackTeam "Hungary Hunters"]
[WhiteFideId "5021596"]
[BlackFideId "719978"]
[EventDate "2020.01.06"]

1. Nf3 d5 2. d4 Bf5 3. c4 e6 4. Nc3 Nc6 5. Qa4 Bb4 6. Bg5 Ne7 7. cxd5 Qxd5 8.
Bxe7 Kxe7 9. e3 Qa5 10. Qb3 Rhd8 11. Be2 e5 12. dxe5 Bxc3+ 13. bxc3 Nxe5 14. O-O
Be4 15. Ng5 Bd5 16. c4 Nxc4 17. Bxc4 Bxc4 18. Qxc4 Qxg5 19. Qb4+ c5 20. Qxb7+
Kf8 21. Rac1 Qd5 22. Qa6 Rac8 23. Qxa7 Ra8 24. Qxc5+ Qxc5 25. Rxc5 Rxa2 26. g4
g6 27. Kg2 Rdd2 28. Kg3 Kg7 29. g5 h6 30. h4 Ra4 31. Rb1 Raa2 32. Rf1 Rdc2 33.
Rxc2 Rxc2 34. Rd1 hxg5 35. hxg5 Rc4 36. f4 Ra4 37. Rd7 Ra3 38. Kf3 Rb3 39. Rc7
Ra3 40. Re7 Rb3 41. Kg4 Kf8 42. Re5 Kg7 43. Re8 Rc3 44. e4 Rc1 45. Rd8 Rg1+ 46.
Kf3 Rf1+ 47. Kg3 Re1 48. Re8 Rf1 49. Kg4 Rf2 50. Rc8 Rf1 51. Kg3 Re1 52. Kf3
Rf1+ 53. Ke3 Kh7 54. Rc7 Kg7 55. Rc5 Rd1 56. Rd5 Rf1 57. Rd7 Kg8 58. Rd8+ Kg7
59. Rd2 Rg1 60. Rb2 Re1+ 61. Kd4 Ra1 62. Rb5 Rf1 63. Ke5 Ra1 64. Rd5 Rb1 65. Rd8
Rb5+ 66. Rd5 Rb1 67. Kd6 Rf1 68. f5 gxf5 69. exf5 Rg1 70. Ke7 Re1+ 71. Kd7 Rg1
72. Ke7 Re1+ 73. Kd6 Rg1 74. Ke7 1/2-1/2

[Event "PRO League Group Stage"]
[Site "chess.com INT"]
[Date "2020.01.23"]
[Round "3"]
[White "Gupta, Abhijeet"]
[Black "Markus, Robert"]
[Result "1-0"]
[WhiteTitle "GM"]
[BlackTitle "GM"]
[WhiteElo "2603"]
[BlackElo "2599"]
[WhiteTeam "India Yogis"]
[BlackTeam "Hungary Hunters"]
[WhiteFideId "5010608"]
[BlackFideId "921637"]
[EventDate "2020.01.06"]

1. d4 Nf6 2. Nf3 d6 3. c4 Nbd7 4. Nc3 e5 5. Bg5 c6 6. e3 Qc7 7. Qc2 g6 8. O-O-O
Bg7 9. h4 h6 10. Bxf6 Nxf6 11. c5 exd4 12. cxd6 Qxd6 13. Nxd4 Qe5 14. Bc4 a5 15.
Bb3 O-O 16. a3 Kh8 17. Kb1 Bd7 18. e4 b5 19. f4 Qxf4 20. Rhf1 Qe5 21. Nf3 Qe7
22. Rfe1 Ng4 23. h5 Ne5 24. Nxe5 Bxe5 25. Qd2 Be6 26. Qxh6+ Kg8 27. hxg6 1-0

[Event "PRO League Group Stage"]
[Site "chess.com INT"]
[Date "2020.01.23"]
[Round "3"]
[White "Dastan, Muhammed Batuhan"]
[Black "Le, Tuan Minh"]
[Result "0-1"]
[WhiteTitle "GM"]
[BlackTitle "IM"]
[WhiteElo "2572"]
[BlackElo "2501"]
[WhiteTeam "Turkey Knights"]
[BlackTeam "Croatia Bulldogs"]
[WhiteFideId "6300014"]
[BlackFideId "12401153"]
[EventDate "2020.01.06"]

1. e4 c5 2. Nf3 d6 3. d4 cxd4 4. Nxd4 Nf6 5. Nc3 g6 6. Be3 Bg7 7. f3 O-O 8. Qd2
Nc6 9. Bc4 Bd7 10. h4 h5 11. O-O-O Ne5 12. Bb3 Rc8 13. Kb1 Nc4 14. Bxc4 Rxc4 15.
Nde2 b5 16. Bh6 b4 17. Bxg7 Kxg7 18. Nd5 Nxd5 19. exd5 Qa5 20. b3 Rc5 21. Qd4+
Kg8 22. Rd2 Bf5 23. Rc1 Qa3 24. Qb2 Qxb2+ 25. Kxb2 Rfc8 26. Ng3 Kg7 27. Nf1 Rc3
28. Ng3 a5 29. Nxf5+ gxf5 30. Re1 Kf6 31. Ree2 R3c5 32. Rd4 Rg8 33. a3 Rb8 34.
Red2 Ke5 35. axb4 axb4 36. g4 fxg4 37. fxg4 hxg4 38. Rxg4 Rxd5 39. Re2+ Kf6 40.
Rf4+ Rf5 41. Rxf5+ Kxf5 42. Rxe7 f6 43. Kc1 Rh8 44. Rb7 Rxh4 45. Rb5+ Ke6 46.
Kd2 d5 47. Rb8 Ke5 48. Re8+ Kd4 49. Rf8 Rh2+ 50. Kc1 Rf2 51. Rb8 f5 52. Kb2 Kc5
53. Rc8+ Kd6 54. Rb8 Rf4 55. Rd8+ Ke6 56. Re8+ Kd7 57. Rb8 Re4 58. Kc1 f4 59.
Kd2 Ke6 60. Rf8 Ke5 61. Rf7 Rd4+ 62. Ke2 Kd6 63. Rf8 Re4+ 64. Kd2 Kc5 65. Rc8+
Kd6 66. Rf8 Ke7 67. Rf5 Ke6 68. Rf8 Ke5 69. Rf7 Re3 70. Re7+ Kd4 71. Rb7 Kc5 72.
Rc7+ Kb6 73. Rf7 Rf3 74. Ke2 Re3+ 75. Kd2 Rf3 76. Ke2 Rc3 77. Kd2 f3 78. Rf4 Kc5
79. Rf5 Kd6 80. Rf8 Ke5 81. Rf7 Ke4 82. Re7+ Kf4 83. Rf7+ Kg3 84. Rg7+ Kf2 85.
Rg4 Re3 86. Rxb4 Re2+ 87. Kd1 Ke3 88. Rb8 Rd2+ 89. Kc1 Rd4 90. Rh8 f2 91. Rh1
Rg4 92. Rh3+ Ke4 0-1

[Event "PRO League Group Stage"]
[Site "chess.com INT"]
[Date "2020.01.23"]
[Round "3"]
[White "Ipatov, Alexander"]
[Black "Livaic, Leon"]
[Result "1/2-1/2"]
[WhiteTitle "GM"]
[BlackTitle "IM"]
[WhiteElo "2631"]
[BlackElo "2495"]
[WhiteTeam "Turkey Knights"]
[BlackTeam "Croatia Bulldogs"]
[WhiteFideId "14116731"]
[BlackFideId "14531534"]
[EventDate "2020.01.06"]

1. d4 Nf6 2. c4 e6 3. Nf3 Bb4+ 4. Nbd2 b6 5. a3 Bxd2+ 6. Bxd2 Bb7 7. Bg5 d6 8.
e3 Nbd7 9. Be2 O-O 10. O-O a5 11. b3 Qe7 12. Nd2 h6 13. Bh4 e5 14. Bf3 Bxf3 15.
Qxf3 e4 16. Qf5 Qe6 17. Qxe6 fxe6 18. Bxf6 Nxf6 19. b4 Kf7 20. b5 Rfe8 21. Rac1
Rad8 22. Nb1 e5 23. Nc3 exd4 24. exd4 d5 25. Nd1 dxc4 26. Rxc4 Rd5 27. a4 Red8
28. Rxc7+ R8d7 29. Rc6 Rxd4 30. Ne3 Rxa4 31. Nc4 Re7 32. Nxb6 Rb4 33. Nc8 Rd7
34. Nd6+ Ke7 35. Nf5+ Kf7 36. h3 a4 37. Nd6+ Ke7 38. Nf5+ Kf7 39. Ra1 Nd5 40.
Kh2 Ne7 41. Nxe7 Rxe7 42. b6 Ke8 43. Kg3 Rb7 44. Rc8+ Kd7 45. Ra8 R7xb6 46.
R1xa4 Rxa4 47. Rxa4 Rg6+ 48. Kh2 Ke6 49. Rxe4+ Kf7 50. Rf4+ Ke7 51. Ra4 Rb6 52.
Ra7+ Kf6 53. h4 h5 54. Ra5 g6 55. Kg3 Rb3+ 56. f3 Rb4 57. Ra6+ Kf5 58. Rd6 Ra4
59. Rb6 Rc4 60. Rb5+ Kf6 61. Rb2 Ra4 62. Re2 Kf5 63. Re8 Kf6 64. Rb8 Kf5 65.
Rf8+ Ke6 66. Kh3 Ke7 67. Rb8 Kf6 68. Rb5 Rc4 69. Kg3 Ra4 70. Rb6+ Kf7 71. Kh3
Kg7 72. Rb7+ Kf6 73. Rb8 Kf7 74. Kg3 Kf6 75. Rb2 Kf7 76. Re2 Kf6 77. Re4 Ra3 78.
Kf4 Ra1 79. Rb4 Ra6 80. g3 Rc6 81. Ra4 Rb6 82. g4 hxg4 83. fxg4 Rb7 84. Ra6+ Kg7
85. Ra5 Rc7 86. Kg5 Rb7 87. Re5 Ra7 88. Re6 Ra5+ 89. Kf4 Ra4+ 90. Re4 Ra5 91.
Re7+ Kf6 92. Re4 Kg7 93. Kf3 Kf6 94. Kg3 Ra3+ 95. Kf4 Ra5 96. Rb4 Ra7 97. Rb6+
Kg7 98. Rd6 Ra4+ 99. Kf3 Kf7 100. Rd5 Kf6 101. Rd3 Rb4 102. Re3 Ra4 103. Re4 Ra1
104. Rb4 Rf1+ 105. Kg2 Ra1 106. Rb6+ Kf7 107. Rb7+ Kf6 108. Rb6+ Kf7 109. Kg3
Ra4 110. Rb7+ Kf6 111. Rb6+ Kf7 112. Rc6 Kg7 113. Rc7+ Kf6 114. g5+ Ke6 115. Rg7
Ra3+ 116. Kg2 Kf5 117. Rf7+ Kg4 118. Rf6 Ra2+ 119. Kf1 Kxh4 120. Rxg6 Ra5 121.
Rg8 Rxg5 122. Rxg5 Kxg5 1/2-1/2

[Event "PRO League Group Stage"]
[Site "chess.com INT"]
[Date "2020.01.23"]
[Round "3"]
[White "Plenca, Jadranko"]
[Black "Gokerkan, Cem Kaan"]
[Result "1/2-1/2"]
[WhiteTitle "IM"]
[BlackTitle "IM"]
[WhiteElo "2463"]
[BlackElo "2458"]
[WhiteTeam "Croatia Bulldogs"]
[BlackTeam "Turkey Knights"]
[WhiteFideId "14527146"]
[BlackFideId "6336760"]
[EventDate "2020.01.06"]

1. e4 c5 2. Nf3 d6 3. Bb5+ Nd7 4. d4 cxd4 5. Qxd4 a6 6. Be2 e5 7. Qe3 Nc5 8. c4
g6 9. Nbd2 Bh6 10. Qc3 Nf6 11. Qc2 Bg4 12. h3 Bxf3 13. Bxf3 O-O 14. O-O Rc8 15.
Nb3 Bxc1 16. Raxc1 Ne6 17. g3 Rc6 18. Qd2 Qb6 19. Bg2 Rfc8 20. Na5 R6c7 21. b4
Qd4 22. Qe2 b5 23. a3 bxc4 24. Rfd1 Qb6 25. Nxc4 Nd4 26. Qd3 Qb5 27. Bf1 h5 28.
Rc3 d5 29. Nxe5 Rxc3 30. Qxd4 Qa4 31. exd5 Rc1 32. Rxc1 Rxc1 33. Kg2 Qd1 34.
Qxd1 Rxd1 35. Bxa6 Nxd5 36. Bc4 Kf8 37. Bb3 Rd2 38. Kf1 Kg7 39. Nf3 Rd3 40. Bxd5
Rxd5 41. Ke2 Kf6 42. Ke3 Ke6 43. Nd4+ Kd7 44. Kd3 Re5 45. Kc4 Re1 46. a4 Rf1 47.
f3 Rh1 48. h4 Rg1 49. Ne2 Rg2 50. Kd3 Rh2 51. b5 Kc7 52. a5 Rh1 53. Kc4 Ra1 54.
Kb4 Rb1+ 55. Kc4 Ra1 56. Kb4 Rb1+ 57. Kc4 Ra1 1/2-1/2

[Event "PRO League Group Stage"]
[Site "chess.com INT"]
[Date "2020.01.23"]
[Round "3"]
[White "Tica, Sven"]
[Black "Rambaldi, Francesco"]
[Result "0-1"]
[WhiteTitle "IM"]
[BlackTitle "GM"]
[WhiteElo "2398"]
[BlackElo "2570"]
[WhiteTeam "Croatia Bulldogs"]
[BlackTeam "Turkey Knights"]
[WhiteFideId "14526948"]
[BlackFideId "20657307"]
[EventDate "2020.01.06"]

1. d4 Nf6 2. Nf3 d5 3. c4 e6 4. g3 dxc4 5. Bg2 a6 6. O-O Nc6 7. e3 Rb8 8. Qe2 b5
9. b3 cxb3 10. axb3 Bd6 11. Bb2 O-O 12. Rc1 Nb4 13. e4 Be7 14. Nbd2 Bb7 15. e5
Nd7 16. Ne4 Bd5 17. Qe3 c6 18. h4 Qb6 19. Nc5 Nxc5 20. dxc5 Qb7 21. Bc3 Bxf3 22.
Bxb4 Bxg2 23. Kxg2 Rfd8 24. Ba5 Rd5 25. b4 Qd7 26. Ra3 Rd4 27. Qf3 Rf8 28. Bb6
f6 29. Rxa6 fxe5 30. Qh5 Qd5+ 31. Kg1 g6 32. Qe2 Rd2 33. Qe3 Rfxf2 34. Ra8+ Kf7 0-1

[Event "PRO League Group Stage"]
[Site "chess.com INT"]
[Date "2020.01.23"]
[Round "3"]
[White "Gupta, Abhijeet"]
[Black "Gledura, Benjamin"]
[Result "1-0"]
[WhiteTitle "GM"]
[BlackTitle "GM"]
[WhiteElo "2603"]
[BlackElo "2626"]
[WhiteTeam "India Yogis"]
[BlackTeam "Hungary Hunters"]
[WhiteFideId "5010608"]
[BlackFideId "712779"]
[EventDate "2020.01.06"]

1. d4 Nf6 2. c4 g6 3. Nc3 d5 4. Nf3 Bg7 5. cxd5 Nxd5 6. e4 Nxc3 7. bxc3 c5 8.
Bb5+ Nc6 9. d5 Qa5 10. Rb1 a6 11. Bxc6+ bxc6 12. O-O O-O 13. dxc6 Qxa2 14. Rb2
Qe6 15. c7 Qxe4 16. Rb8 Bg4 17. Qd8 Qc6 18. Ne5 1-0

[Event "PRO League Group Stage"]
[Site "chess.com INT"]
[Date "2020.01.23"]
[Round "3"]
[White "Sethuraman, S.P."]
[Black "Banusz, Tamas"]
[Result "1/2-1/2"]
[WhiteTitle "GM"]
[BlackTitle "GM"]
[WhiteElo "2638"]
[BlackElo "2620"]
[WhiteTeam "India Yogis"]
[BlackTeam "Hungary Hunters"]
[WhiteFideId "5021596"]
[BlackFideId "722413"]
[EventDate "2020.01.06"]

1. d4 d5 2. c4 c6 3. Nf3 Nf6 4. e3 Bf5 5. Nc3 e6 6. Nh4 Bg6 7. Be2 Nbd7 8. O-O
Bd6 9. g3 dxc4 10. Bxc4 Qe7 11. Re1 O-O 12. e4 e5 13. d5 Nb6 14. Bb3 Bc5 15.
dxc6 bxc6 16. Bg5 Bd4 17. Qf3 a5 18. a3 Rab8 19. Ba2 Nbd7 20. Rab1 Nc5 21. Nf5
Bxf5 22. exf5 h6 23. Bh4 e4 24. Bxf6 Qxf6 25. Nxe4 Nxe4 26. Rxe4 Bxb2 27. a4 Bd4
28. Ree1 Rfe8 29. Rxe8+ Rxe8 30. Rb7 Re7 31. Rxe7 Qxe7 32. Bc4 Qc5 33. Bb3 Qc1+
34. Kg2 Qb2 35. Bc4 Qc2 36. Bb3 Qb2 37. Bc4 Qc2 38. Bb3 Qc3 39. Qxc3 Bxc3 40.
Kf3 Bd4 41. Ke2 Kf8 42. f3 Ke7 43. g4 f6 44. Kd3 Bg1 45. h4 Kd6 46. Bf7 Kc5 47.
Be8 Kd5 48. h5 Ba7 1/2-1/2

[Event "PRO League Group Stage"]
[Site "chess.com INT"]
[Date "2020.01.23"]
[Round "3"]
[White "Erdos, Viktor"]
[Black "Gopal, G.N."]
[Result "1-0"]
[WhiteTitle "GM"]
[BlackTitle "GM"]
[WhiteElo "2621"]
[BlackElo "2593"]
[WhiteTeam "Hungary Hunters"]
[BlackTeam "India Yogis"]
[WhiteFideId "719978"]
[BlackFideId "5015693"]
[EventDate "2020.01.06"]

1. Nf3 c5 2. c4 Nf6 3. Nc3 Nc6 4. d4 cxd4 5. Nxd4 e6 6. Bf4 d5 7. cxd5 Nxd5 8.
Nxc6 bxc6 9. Bd2 Rb8 10. Qc2 Bb4 11. e3 Nxc3 12. bxc3 Bd6 13. Bd3 h6 14. O-O O-O
15. c4 c5 16. Bc3 Bb7 17. Rad1 Qe7 18. h3 Rbd8 19. Be4 Bc8 20. f4 f5 21. Bf3 Kh8
22. Kh1 Bb7 23. Qb2 Bxf3 24. Rxf3 Bc7 25. Re1 Kh7 26. e4 fxe4 27. Qc2 Qf7 28.
Qxe4+ Qf5 29. Qxf5+ Rxf5 30. g3 e5 31. Bxe5 Bxe5 32. Rxe5 Rxe5 33. fxe5 Rd4 34.
Rf4 Rd2 35. e6 Re2 36. Rf5 Rxe6 37. Rxc5 Re1+ 38. Kg2 Re2+ 39. Kf3 Rxa2 40. Rc8
Kg6 41. Ke4 a5 42. c5 a4 43. c6 Rc2 44. Kd5 a3 45. Ra8 a2 46. Kd6 Rd2+ 47. Ke6
Re2+ 48. Kd7 Rd2+ 49. Ke7 Rc2 50. Kd7 Rd2+ 51. Kc8 Rc2 52. c7 Rc3 53. Rxa2 Rxg3
54. Rc2 Rxh3 55. Kd7 Rd3+ 56. Ke7 Re3+ 57. Kf8 Rf3+ 58. Kg8 1-0

[Event "PRO League Group Stage"]
[Site "chess.com INT"]
[Date "2020.01.23"]
[Round "3"]
[White "Markus, Robert"]
[Black "Aravindh, Chithambaram VR."]
[Result "1-0"]
[WhiteTitle "GM"]
[BlackTitle "GM"]
[WhiteElo "2599"]
[BlackElo "2630"]
[WhiteTeam "Hungary Hunters"]
[BlackTeam "India Yogis"]
[WhiteFideId "921637"]
[BlackFideId "5072786"]
[EventDate "2020.01.06"]

1. Nf3 Nf6 2. g3 g6 3. Bg2 Bg7 4. O-O O-O 5. d3 c5 6. e4 Nc6 7. c3 d5 8. Nbd2 e5
9. Re1 Re8 10. a3 a5 11. a4 b6 12. exd5 Nxd5 13. Nc4 f6 14. d4 Ba6 15. Qb3 cxd4
16. Nxd4 Nxd4 17. cxd4 Kh8 18. dxe5 Rc8 19. Ne3 Nb4 20. Rd1 Qe7 21. Bd2 fxe5 22.
Nd5 Nxd5 23. Bxd5 e4 24. Rac1 Rcd8 25. Be3 Be2 26. Re1 Bf3 27. Bc4 Qe5 28. Bf1 1-0

[Event "PRO League Group Stage"]
[Site "chess.com INT"]
[Date "2020.01.23"]
[Round "3"]
[White "Movsesian, Sergei"]
[Black "Wang, Yue"]
[Result "1/2-1/2"]
[WhiteTitle "GM"]
[BlackTitle "GM"]
[WhiteElo "2641"]
[BlackElo "2669"]
[WhiteTeam "Israel Counsellors"]
[BlackTeam "China Pandas"]
[WhiteFideId "310204"]
[BlackFideId "8601429"]
[EventDate "2020.01.06"]

1. e4 e5 2. Nf3 Nf6 3. d3 Nc6 4. g3 g6 5. Bg2 Bg7 6. O-O O-O 7. Re1 Re8 8. c3 a5
9. Nbd2 a4 10. Nc4 d6 11. h3 h6 12. Bd2 Be6 13. Ne3 Kh7 14. c4 Nd7 15. Nd5 Nc5
16. Qc2 Rf8 17. b4 axb3 18. axb3 Rxa1 19. Rxa1 Bd7 20. Be3 Ne6 21. b4 Ncd4 22.
Nxd4 Nxd4 23. Bxd4 exd4 24. b5 c6 25. bxc6 bxc6 26. Nf4 Qb6 27. Rb1 Qc7 28. Qb3
Ra8 29. Kh2 h5 30. h4 Bh6 31. c5 Kg7 32. Qb7 Qxb7 33. Rxb7 Bc8 34. Rc7 Bxf4 35.
gxf4 dxc5 36. Rxc6 Ba6 37. Bf1 c4 38. dxc4 Bb7 39. Rd6 Bxe4 40. Rxd4 Ra1 41. Bg2
Bxg2 42. Kxg2 Ra3 43. c5 Rc3 44. Rd5 Kf6 45. Re5 Ra3 46. Re3 Ra4 47. Rc3 Ke7 48.
Kf3 Kd7 49. c6+ Kc7 50. Rc5 Rb4 51. Kg3 Rb3+ 52. f3 f5 53. Kf2 Rb2+ 54. Ke3 Rh2
55. Re5 Kxc6 56. Re6+ Kd5 57. Rxg6 Rxh4 58. Rf6 Rh2 59. Rxf5+ Ke6 60. Re5+ Kf6
61. Ra5 Rh1 62. Kf2 h4 63. Kg2 Rb1 64. Kh3 Rb4 65. Kg4 Rb1 66. Ra6+ Kf7 67. Kxh4
Rg1 68. Rb6 Rg2 69. f5 Rg1 70. Kh5 Rf1 71. Kg4 Rg1+ 72. Kf4 Rf1 73. Ra6 Rf2 74.
f6 Rf1 75. Ke4 Kg6 76. f4 Re1+ 77. Kd5 Kf7 78. f5 Rd1+ 79. Ke5 Re1+ 80. Kf4 Rf1+
81. Ke4 Re1+ 82. Kd4 Rd1+ 83. Ke5 Re1+ 84. Kf4 Rf1+ 1/2-1/2

[Event "PRO League Group Stage"]
[Site "chess.com INT"]
[Date "2020.01.23"]
[Round "3"]
[White "Zhao, Jun"]
[Black "Steinberg, Nitzan"]
[Result "1/2-1/2"]
[WhiteTitle "GM"]
[BlackTitle "GM"]
[WhiteElo "2638"]
[BlackElo "2542"]
[WhiteTeam "China Pandas"]
[BlackTeam "Israel Counsellors"]
[WhiteFideId "8602522"]
[BlackFideId "2801795"]
[EventDate "2020.01.06"]

1. e4 c5 2. Nf3 d6 3. d4 cxd4 4. Nxd4 Nf6 5. Nc3 a6 6. Be2 e5 7. Nf3 Be7 8. Bg5
Be6 9. Bxf6 Bxf6 10. O-O O-O 11. Nd5 Nd7 12. Bc4 Rc8 13. Qe2 b5 14. Bb3 Nc5 15.
Rad1 Bg5 16. c3 Bh6 17. Bc2 g6 18. b4 Nd7 19. Bb3 Nb6 20. Nxb6 Qxb6 21. Rd3 Rc6
22. Bxe6 fxe6 23. Rfd1 Rfc8 24. h4 Qc7 25. Nh2 Qe7 26. Qg4 Kh8 27. Nf3 R8c7 28.
h5 g5 29. Qg3 Kg8 30. Qg4 Rc8 31. g3 Rf8 32. Kg2 Kh8 33. Nh2 Bg7 34. h6 Bxh6 35.
Nf3 Rf6 36. Qh5 Rg6 37. Qg4 Bf8 38. Rh1 Rc4 39. Nd2 Rc8 40. Nf3 Rc4 41. Nd2 Rc8
42. Nf3 Rc4 1/2-1/2

[Event "PRO League Group Stage"]
[Site "chess.com INT"]
[Date "2020.01.23"]
[Round "3"]
[White "Bai, Jinshi"]
[Black "Fridman, Daniel"]
[Result "1/2-1/2"]
[WhiteTitle "GM"]
[BlackTitle "GM"]
[WhiteElo "2618"]
[BlackElo "2622"]
[WhiteTeam "China Pandas"]
[BlackTeam "Israel Counsellors"]
[WhiteFideId "8602280"]
[BlackFideId "11600454"]
[EventDate "2020.01.06"]

1. d4 d5 2. c4 e6 3. Nf3 Nf6 4. Nc3 Be7 5. g3 O-O 6. Bg2 dxc4 7. Ne5 c5 8. dxc5
Qc7 9. Nxc4 Qxc5 10. b3 Nc6 11. Ba3 Nb4 12. O-O Rd8 13. Qc1 Rb8 14. Qf4 Bd7 15.
Rac1 Qh5 16. Rfd1 b5 17. Ne5 Qf5 18. Qxf5 exf5 19. Nxd7 Nxd7 20. Rd4 a5 21. Rcd1
Bf6 22. Rxd7 Rxd7 23. Rxd7 Bxc3 24. Bxb4 axb4 25. Bd5 g6 26. Bxf7+ Kh8 27. Bd5
Rb6 28. Bb7 Be5 29. e3 Rd6 30. Rxd6 Bxd6 31. Bc6 Kg7 32. Kf1 Be5 33. Ke2 Bb2 34.
Bxb5 Kf6 35. Bc4 Bc3 36. h3 h6 37. Bb5 Ke5 38. Be8 g5 39. Kd3 Be1 40. Ke2 Bc3
41. f3 Kf6 42. Bd7 Ke5 43. Kd3 Be1 44. g4 f4 45. e4 Kd6 46. Bc8 Kc5 47. Bb7 Kd6
48. Kc4 Ke5 49. Ba6 Bd2 50. Kc5 Be1 51. Be2 Bd2 52. Bd1 Be1 53. Be2 Bd2 54. Bc4
Be1 55. Bd5 Bd2 56. a4 bxa3 57. b4 Be3+ 58. Kc6 Ba7 59. b5 Kd4 60. b6 Bb8 61.
Kb7 Be5 62. Kc8 Ke3 63. b7 Kxf3 64. b8=Q Bxb8 65. e5+ Kg3 66. Kxb8 f3 67. e6 f2
68. e7 f1=Q 69. e8=Q Qf4+ 70. Kb7 Qb4+ 71. Kc7 Qc5+ 72. Qc6 Qxc6+ 73. Kxc6 Kxh3
74. Be6 Kh4 75. Kc5 a2 76. Bxa2 Kxg4 77. Kd4 Kf3 78. Bd5+ Kf2 79. Ke4 h5 80. Kf5
g4 81. Kg5 g3 82. Kxh5 g2 83. Bxg2 1/2-1/2

[Event "PRO League Group Stage"]
[Site "chess.com INT"]
[Date "2020.01.23"]
[Round "3"]
[White "Le, Tuan Minh"]
[Black "Ipatov, Alexander"]
[Result "1-0"]
[WhiteTitle "IM"]
[BlackTitle "GM"]
[WhiteElo "2501"]
[BlackElo "2631"]
[WhiteTeam "Croatia Bulldogs"]
[BlackTeam "Turkey Knights"]
[WhiteFideId "12401153"]
[BlackFideId "14116731"]
[EventDate "2020.01.06"]

1. d4 Nf6 2. Nf3 b6 3. Bf4 Bb7 4. e3 d6 5. h3 g6 6. Nbd2 Bg7 7. Be2 O-O 8. O-O
c5 9. c3 Nc6 10. Bh2 cxd4 11. cxd4 Nd7 12. Rc1 a6 13. Qb3 b5 14. a4 Na5 15. Qb4
Nc6 16. Qb3 Na5 17. Qa3 Nc6 18. axb5 axb5 19. Qb3 Na5 20. Qc3 Ba6 21. b4 Nc4 22.
Nxc4 bxc4 23. Bxc4 Bxc4 24. Qxc4 Nb6 25. Qc6 Qb8 26. Bg3 h6 27. Nd2 Na4 28. b5
Rc8 29. Qxc8+ Qxc8 30. Rxc8+ Rxc8 31. Ra1 Nc3 32. b6 Rb8 33. Ra6 f5 34. Nc4 g5
35. Na5 f4 36. b7 Kf7 37. Bh2 fxe3 38. fxe3 Ne2+ 39. Kf1 1-0

[Event "PRO League Group Stage"]
[Site "chess.com INT"]
[Date "2020.01.23"]
[Round "3"]
[White "Livaic, Leon"]
[Black "Dastan, Muhammed Batuhan"]
[Result "1-0"]
[WhiteTitle "IM"]
[BlackTitle "GM"]
[WhiteElo "2495"]
[BlackElo "2572"]
[WhiteTeam "Croatia Bulldogs"]
[BlackTeam "Turkey Knights"]
[WhiteFideId "14531534"]
[BlackFideId "6300014"]
[EventDate "2020.01.06"]

1. d4 d5 2. c4 c6 3. cxd5 cxd5 4. Bf4 Nc6 5. e3 Nf6 6. Nc3 a6 7. Bd3 Bg4 8. Nge2
e6 9. O-O Bd6 10. f3 Bh5 11. Na4 O-O 12. Nc5 Bxc5 13. dxc5 Bg6 14. Bxg6 hxg6 15.
Nd4 Rc8 16. Nxc6 Rxc6 17. b4 Re8 18. Qd3 Qd7 19. a3 e5 20. Bg5 e4 21. fxe4 Nxe4
22. Bf4 g5 23. Bg3 Rce6 24. Rad1 Nxg3 25. hxg3 Re5 26. e4 Rxe4 27. Qxd5 Qxd5 28.
Rxd5 Re3 29. Rd7 R8e7 30. Rxe7 Rxe7 31. Kf2 Rd7 32. Ke3 f6 33. Rc1 Re7+ 34. Kd3
Re6 35. a4 Kf7 36. b5 axb5 37. axb5 Ke7 38. Ra1 Kd7 39. Ra7 Kc8 40. Ra8+ Kc7 41.
Rg8 Re7 42. Kd4 Rd7+ 43. Kc4 Re7 44. b6+ Kd7 45. Rb8 Ke6 46. Kb5 Kf5 47. Rxb7
Rxb7 48. c6 Re7 49. c7 Re8 50. b7 1-0